| 000 | 00851cam a22002773a 4500 | ||
|---|---|---|---|
| 001 | 27191 | ||
| 003 | PGUSA | ||
| 005 | 20140828083604.0 | ||
| 008 | 081107s2008||||xxu|||||s|||||000 p eng d | ||
| 040 |
_aPGUSA _beng |
||
| 042 | _adc | ||
| 050 | 4 | _aPR | |
| 100 | 1 |
_aShakespeare, William, _d1564-1616 |
|
| 245 | 1 | 0 |
_aSonnets : _bVolume 8 _h[electronic resource] / _cWilliam Shakespeare |
| 260 |
_bProject Gutenberg, _c2008 |
||
| 506 | _aPublic domain in the USA. | ||
| 516 | _aElectronic text | ||
| 653 | _aLove poetry | ||
| 653 | _aShakespeare, William, 1564-1616. Sonnets | ||
| 653 | _aSonnets, English -- Translations into French | ||
| 653 | _aEnglish poetry -- Translations into French | ||
| 700 | 1 |
_aGuizot, François, _d1787-1874 |
|
| 830 | 0 |
_aProject Gutenberg _v27191 |
|
| 856 | 4 | 0 | _uhttp://www.gutenberg.org/ebooks/27191 |
| 942 | _cEB | ||
| 999 |
_c256446 _d256446 |
||